000
00269nam a2200097Ia 4500
001
1290390
005
20260417164514.0
008
260417s9999 xx 000 0 und d
245
0
_a
LEVENT KEÇİLERİN TAKİPÇİSİ
_c
MUSTAFA ORAKÇI
260
_b
TİMAŞ ÇOCUK YAYINLARI
999
_c
1290390
_d
1290390